| 000 | 00526nam a2200169Ia 4500 | ||
|---|---|---|---|
| 999 |
_c60 _d60 |
||
| 003 | OSt | ||
| 005 | 20210824151751.0 | ||
| 008 | 190216s9999||||xx |||||||||||||| ||und|| | ||
| 040 | _coclc | ||
| 082 |
_a297 _bALA/A |
||
| 100 |
_aAlavi, Ishaqunnabi _98681 |
||
| 245 | 4 |
_aThe Arab Calendar Prevalent During The Life Time Of Muhammad / _cIshaqunnabi Alavi |
|
| 260 |
_bRampur Institute Of Oriental Studies, _c1968. _aNew Delhi: |
||
| 300 | _a48p | ||
| 650 | _aArabic | ||
| 942 |
_cBK _2ddc _h297 _iALA/A _k297 _mALA/A |
||